Sports Quiz

Random Sports Quiz

Fremantle Dockers Playing List 2015 (AFL) Quiz Stats

 Plays Quiz not verified by Sporcle

Score 0/46 Timer 06:00
0 Plays Today
Shirt Number Player % Correct
29Matthew Pavlich
96.1%
7Nat Fyfe
95.7%
16David Mundy
94.3%
31Aaron Sandilands
94.3%
1Hayden Ballantyne
92.8%
6Danyle Pearce
92.1%
46Clancee Pearce
90.7%
10Michael Walters
89.6%
25Alex Pearce
88.9%
32Stephen Hill
87.1%
37Michael Johnson
86%
18Luke McPharlin
84.2%
8Nic Suban
83.2%
23Chris Mayne
82.1%
3Zac Dawson
81.7%
30Zac Clarke
81.7%
27Lachie Neale
81.4%
21Michael Barlow
79.6%
5Garrick Ibbotson
78.1%
17Hayden Crozier
78.1%
9Matt de Boer
77.4%
2Anthony Morabito
76%
41Paul Duffield
76%
Shirt Number Player % Correct
15Ryan Crowley
74.9%
14Lachie Weller
71.7%
20Matt Taberner
71.3%
34Lee Spurr
71.3%
11Tommy Sheridan
71%
13Tendai Mzungu
70.3%
4Colin Sylvia
69.5%
33Cameron Sutcliffe
68.8%
12Jonathon Griffin
68.1%
35Michael Apeness
62%
19Connor Blakely
60.9%
40Craig Moller
59.1%
28Brady Grey
58.8%
26Ed Langdon
58.1%
22Tanner Smith
57.3%
36Alex Silvagni
57.3%
38Jack Hannath
55.6%
24Max Duffy
54.5%
39Josh Deluca
51.6%
42Ethan Hughes
48.7%
44Jacob Ballard
45.5%
43Tom Vandeleur
43.4%
45Sean Hurley
42.3%

You're not logged in!

Compare scores with friends on all Sporcle quizzes.
OR
Log In

Sporcle TV

Today on Sporcle TV


Watch our educational content, quiz creation guides, and fun videos on Sporcle TV.

Show Comments

Extras

Top Quizzes Today


Score Distribution

Your Account Isn't Verified!

In order to create a playlist on Sporcle, you need to verify the email address you used during registration. Go to your Sporcle Settings to finish the process.

Report this User

Report this user for behavior that violates our Community Guidelines.

Details: